[Event "POL-chT 2nd League"]
[Site "Miedzyzdroje"]
[Date "2009.09.15"]
[Round "4"]
[White "Jonczyk, Krzysztof"]
[Black "Paterek, Michal"]
[Result "0-1"]
[WhiteElo "2066"]
[BlackElo "2284"]
[PlyCount "54"]
[EventDate "2009.09.12"]
[EventType "team-swiss"]
[EventRounds "9"]
[EventCountry "POL"]
[SourceTitle "EXT 2019"]
[Source "ChessBase"]
[SourceDate "2018.10.10"]
[SourceVersion "1"]
[SourceVersionDate "2018.10.10"]
[SourceQuality "1"]
[WhiteTeam "Deblin Czarni"]
[BlackTeam "Warszawa Entropia"]
[WhiteTeamCountry "POL"]
[BlackTeamCountry "POL"]

1. e4 c6 2. d4 d5 3. Nd2 dxe4 4. Nxe4 Nd7 5. Ng5 Ngf6 6. Bd3 e6 7. N1f3 Bd6 8. Qe2 h6 9. Ne4 Nxe4 10. Qxe4 Qc7 11. Bd2 c5 12. Bc3 c4 13. Be2 Nf6 14. Qh4 Nd5 15. Bd2 b5 16. 0-0 Bb7 17. Rfe1 Ne7 18. c3 0-0-0 19. Rad1 Bd5 20. Bf1 Qc6 21. Re2 g5 22. Qh5 Rdf8 23. Rde1 Nf5 24. Kh1 Rhg8 25. Rxe6 Bxe6 26. Rxe6 Ng7 27. Rxd6 Qxd6 0-1

[Event "POL-chT 2nd League"]
[Site "Ustron"]
[Date "2008.09.08"]
[Round "3.23"]
[White "Jonczyk, Krzysztof"]
[Black "Szczesniak, Andrzej"]
[Result "1-0"]
[WhiteElo "2049"]
[BlackElo "2105"]
[PlyCount "55"]
[EventDate "2008.09.06"]
[EventType "team-swiss"]
[EventRounds "9"]
[EventCountry "POL"]
[SourceTitle "EXT 2015"]
[Source "ChessBase"]
[SourceDate "2014.11.20"]
[SourceVersion "1"]
[SourceVersionDate "2014.11.20"]
[SourceQuality "1"]
[WhiteTeam "Deblin Czarni"]
[BlackTeam "Grudziadz Rotmistrz MAT Premium"]
[WhiteTeamCountry "POL"]
[BlackTeamCountry "POL"]

1. e4 d5 2. exd5 Qxd5 3. Nc3 Qd6 4. Nf3 Nf6 5. h3 c6 6. Bc4 Bf5 7. d3 e6 8. Qe2 Be7 9. Ne5 Nd5 10. g4 Bg6 11. Bxd5 cxd5 12. Bf4 Qb4 13. Bd2 Qb6 14. 0-0-0 Nc6 15. Nxg6 hxg6 16. Rde1 0-0-0 17. Qf3 Rdf8 18. Qf4 Rh4 19. Qa4 Rfh8 20. Qf4 Bf6 21. f3 g5 22. Qg3 Nb4 23. Kb1 Qc6 24. Rc1 Qa6 25. a3 Nc6 26. f4 gxf4 27. Qxf4 Nd4 28. Be3 1-0

[Event "Rewal op-B 12th"]
[Site "Rewal"]
[Date "2007.08.29"]
[Round "9"]
[White "Jonczyk, Krzysztof"]
[Black "Wilm, Guenter"]
[Result "1-0"]
[WhiteElo "2073"]
[BlackElo "1862"]
[PlyCount "75"]
[EventDate "2007.08.23"]
[EventType "swiss"]
[EventRounds "9"]
[EventCountry "POL"]
[SourceTitle "CBM 120 Extra"]
[Source "ChessBase"]
[SourceDate "2007.11.01"]
[SourceVersion "1"]
[SourceVersionDate "2007.11.01"]
[SourceQuality "1"]

1. e4 b6 2. d4 Bb7 3. Nc3 e6 4. Bc4 Bb4 5. Nge2 Nf6 6. Bg5 h6 7. Bxf6 Qxf6 8. 0-0 Qg6 9. d5 Bxc3 10. Nxc3 e5 11. f4 d6 12. Qd3 Nd7 13. Bb5 a6 14. Bxd7+ Kxd7 15. fxe5 dxe5 16. Ne2 Rad8 17. Qh3+ Ke8 18. Ng3 Bc8 19. Nf5 f6 20. Rad1 Bxf5 21. Rxf5 Qf7 22. Rdf1 Qg6 23. Qc3 Rd7 24. Qc6 Qg4 25. Qe6+ Kd8 26. Rxf6 Qxe6 27. Rxe6 Re8 28. Rg6 Ree7 29. Rf5 Rd6 30. Rg3 a5 31. h4 Kd7 32. Rf8 Rf6 33. Rxf6 gxf6 34. Rg6 f5 35. exf5 h5 36. Re6 Rf7 37. f6 e4 38. Kf2 1-0

[Event "Rewal op-B 12th"]
[Site "Rewal"]
[Date "2007.08.26"]
[Round "5"]
[White "Jonczyk, Krzysztof"]
[Black "Grychtol, Karol"]
[Result "1-0"]
[WhiteElo "2073"]
[BlackElo "1863"]
[PlyCount "53"]
[EventDate "2007.08.23"]
[EventType "swiss"]
[EventRounds "9"]
[EventCountry "POL"]
[SourceTitle "CBM 120 Extra"]
[Source "ChessBase"]
[SourceDate "2007.11.01"]
[SourceVersion "1"]
[SourceVersionDate "2007.11.01"]
[SourceQuality "1"]

1. e4 e6 2. d4 d5 3. Nd2 c5 4. exd5 exd5 5. Ngf3 Nc6 6. c3 Nf6 7. Be2 Bd6 8. dxc5 Bxc5 9. Nb3 Bd6 10. Bg5 Be6 11. 0-0 0-0 12. Nbd4 a6 13. Bd3 Nxd4 14. Nxd4 Bg4 15. Bxf6 Qxf6 16. Qxg4 g6 17. Rae1 h5 18. Qf3 Qh4 19. g3 Qh3 20. Qxd5 Rad8 21. Qg2 Qd7 22. h4 Bc5 23. Re4 Rfe8 24. Rfe1 f5 25. Rxe8+ Rxe8 26. Rxe8+ Qxe8 27. Qd5+ 1-0

[Event "Krakow op-B"]
[Site "Krakow"]
[Date "2003.12.29"]
[Round "4"]
[White "Jonczyk, Krzysztof"]
[Black "Belzo, Krzysztof"]
[Result "1-0"]
[WhiteElo "2051"]
[BlackElo "1986"]
[PlyCount "129"]
[EventDate "2003.12.27"]
[EventType "swiss"]
[EventRounds "9"]
[EventCountry "POL"]
[SourceTitle "EXT 2006"]
[Source "ChessBase"]
[SourceDate "2005.11.24"]
[SourceVersion "1"]
[SourceVersionDate "2005.11.24"]
[SourceQuality "1"]

1. e4 c5 2. Nf3 Nc6 3. d4 cxd4 4. Nxd4 g6 5. Nc3 Bg7 6. Be3 Nf6 7. f3 0-0 8. Bc4 Qb6 9. Bb3 Nxe4 10. Nd5 Qa5+ 11. c3 Nf6 12. Nxc6 dxc6 13. Nxe7+ Kh8 14. Nxc8 Raxc8 15. 0-0 Rfe8 16. Re1 Kg8 17. Qd4 b6 18. Qh4 Qf5 19. Qa4 Rc7 20. Bf2 Rd8 21. Rad1 Rdc8 22. Rd2 Bf8 23. Rde2 Bd6 24. Qh4 Kg7 25. Bd4 Bf4 26. Be5 Bxe5 27. Rxe5 Qd3 28. Rd1 Qa6 29. Qe1 Qb7 30. Rd6 Rf8 31. Qh4 Ng8 32. Qd4 f6 33. Re4 Ne7 34. g4 c5 35. Qe3 Nc8 36. Bd5 Qa6 37. Rde6 Rd7 38. Re7+ Nxe7 39. Rxe7+ Rf7 40. Bxf7 Rd1+ 41. Kg2 Qf1+ 42. Kg3 Qg1+ 43. Qxg1 Rxg1+ 44. Kf2 Rb1 45. Bc4+ Kh8 46. Re2 Kg7 47. h4 a5 48. Kg3 Kf8 49. h5 gxh5 50. gxh5 a4 51. a3 Rg1+ 52. Rg2 Rh1 53. Kg4 Kg7 54. Kf5+ Kh6 55. Bf7 Rh3 56. f4 Rh4 57. Be8 c4 58. Bf7 b5 59. Be8 b4 60. axb4 a3 61. bxa3 Rh3 62. Rd2 Rxc3 63. Rd7 Re3 64. Bg6 hxg6+ 65. hxg6 1-0

[Event "POL-chT 58th 2nd League"]
[Site "Wisla"]
[Date "2002.??.??"]
[Round "?"]
[White "Jonczyk, Krzysztof"]
[Black "Banasik, Krzysztof"]
[Result "0-1"]
[WhiteElo "2087"]
[BlackElo "2085"]
[PlyCount "40"]
[EventDate "2002.08.30"]
[EventType "team-swiss"]
[EventRounds "11"]
[EventCountry "POL"]
[SourceTitle "EXT 2019"]
[Source "ChessBase"]
[SourceDate "2018.10.10"]
[SourceVersion "1"]
[SourceVersionDate "2018.10.10"]
[SourceQuality "1"]

1. e4 c6 2. d4 d5 3. Nd2 dxe4 4. Nxe4 Nf6 5. Ng3 h5 6. h4 Bg4 7. f3 Bd7 8. Nh3 e6 9. c4 c5 10. Ne2 cxd4 11. Nxd4 Nc6 12. Nb5 Nb4 13. Nc3 Bc6 14. Qe2 Qc7 15. Bf4 Bd6 16. g3 0-0-0 17. Bg2 Nd3+ 18. Qxd3 Bxf4 19. Qxd8+ Rxd8 20. Nxf4 Qb6 0-1